Quantum mechanics (Record no. 5785)
[ view plain ]
| 000 -LEADER | |
|---|---|
| fixed length control field | 00423nam a2200169Ia 4500 |
| 008 - FIXED-LENGTH DATA ELEMENTS--GENERAL INFORMATION | |
| fixed length control field | 230711s9999||||xx |||||||||||||| ||und|| |
| 020 ## - INTERNATIONAL STANDARD BOOK NUMBER | |
| International Standard Book Number | 978-1-25-906286-5 |
| 041 ## - LANGUAGE CODE | |
| Language code of text/sound track or separate title | ENG |
| 082 ## - DEWEY DECIMAL CLASSIFICATION NUMBER | |
| Classification number | 530.12 |
| Item number | LE-Q |
| 100 ## - MAIN ENTRY--PERSONAL NAME | |
| Personal name | Schiff Leonard I |
| 245 #0 - TITLE STATEMENT | |
| Title | Quantum mechanics |
| 250 ## - EDITION STATEMENT | |
| Edition statement | 4th Ed. |
| 260 ## - PUBLICATION, DISTRIBUTION, ETC. | |
| Date of publication, distribution, etc. | 2016 |
| Place of publication, distribution, etc. | New Delhi |
| Name of publisher, distributor, etc. | McGraw Hill Education(India) Private Limited |
| 300 ## - PHYSICAL DESCRIPTION | |
| Extent | 547p. |
| 650 ## - SUBJECT ADDED ENTRY--TOPICAL TERM | |
| Topical term or geographic name entry element | Physics |
| 942 ## - ADDED ENTRY ELEMENTS (KOHA) | |
| Koha item type | Book |
| Withdrawn status | Lost status | Damaged status | Not for loan | Collection | Home library | Current library | Date acquired | Cost, normal purchase price | Inventory number | Total checkouts | Full call number | Barcode | Date last seen | Price effective from | Koha item type | Date last checked out |
|---|---|---|---|---|---|---|---|---|---|---|---|---|---|---|---|---|
| MRSPTU Central Library | MRSPTU Central Library | 725.00 | 49642486 | 530.12 LE-Q | 31219 | 08/17/2023 | 08/17/2023 | Book | ||||||||
| MRSPTU Central Library | MRSPTU Central Library | 725.00 | 49642486 | 530.12 LE-Q | 31220 | 08/17/2023 | 08/17/2023 | Book | ||||||||
| MRSPTU Central Library | MRSPTU Central Library | 750.00 | KBD/2016-2017/959542808 | 530.12 SC-Q | 34490 | 08/17/2023 | 08/17/2023 | Book | ||||||||
| MRSPTU Central Library | MRSPTU Central Library | 750.00 | KBD/2016-2017/959542808 | 1 | 530.12 SC-Q | 34491 | 02/21/2025 | 08/17/2023 | Book | 01/20/2025 | ||||||
| MRSPTU Central Library | MRSPTU Central Library | 750.00 | KBD/2016-2017/959542808 | 530.12 SC-Q | 34492 | 08/17/2023 | 08/17/2023 | Book | ||||||||
| MRSPTU Central Library | MRSPTU Central Library | 750.00 | KBD/2016-2017/959542808 | 530.12 SC-Q | 34493 | 08/17/2023 | 08/17/2023 | Book | ||||||||
| MRSPTU Central Library | MRSPTU Central Library | 750.00 | KBD/2016-2017/959542808 | 530.12 SC-Q | 34494 | 08/17/2023 | 08/17/2023 | Book | ||||||||
| MRSPTU Central Library | MRSPTU Central Library | 750.00 | KBD/2016-2017/959542808 | 530.12 SC-Q | 34495 | 08/17/2023 | 08/17/2023 | Book | ||||||||
| MRSPTU Central Library | MRSPTU Central Library | 750.00 | KBD/2016-2017/959542808 | 1 | 530.12 SC-Q | 34496 | 03/11/2025 | 08/17/2023 | Book | 02/28/2025 | ||||||
| MRSPTU Central Library | MRSPTU Central Library | 750.00 | KBD/2016-2017/959542808 | 530.12 SC-Q | 34497 | 08/17/2023 | 08/17/2023 | Book |
